| 000 | 00783nam a2200253Ia 4500 | ||
|---|---|---|---|
| 003 | OSt | ||
| 005 | 20221005133726.0 | ||
| 006 | a|||||r|||| 00| 0 | ||
| 007 | ta | ||
| 008 | 221004b |||||||| |||| 00| 0 pan d | ||
| 020 | _c350 | ||
| 024 | _a14109 | ||
| 037 |
_b892, 08/09/2014, H.K. Prakashan _cTextual |
||
| 040 |
_aCRL _cCRL _bpan |
||
| 041 |
_2pan _apan |
||
| 082 | _aO153,3NBA,KK, Q4 | ||
| 100 | _aਬੈ੍ਵਸ, ਜਸਪਾਲ ਸਿੰਘ | ||
| 245 | 0 | _aਕਰਕ ਕਲੇਜੇ ਮਾਹਿ | |
| 260 | _c2014 | ||
| 300 |
_a272ਪੰ _ccm. |
||
| 650 | _aਪੰਜਾਬੀ ਸਾਹਿਤ | ||
| 942 |
_hO153,3NBA,KK, Q4 _cTEXL _2cc |
||
| 999 |
_c1067699 _d1067699 |
||